Statistiques concernant Personnages sur distributeur PEZ - 2

Cliquez ici pour prendre le quiz!

Statistiques générales

  • Ce quiz a été pris 73 fois
  • Le résultat moyen est 10 sur 20

Statistiques - réponses

Réponse% Correct
Ariel
94%
Jerry
89%
Mr Bean
85%
Venom
83%
Daphné
80%
Mowgli
74%
Elvis Presley
73%
Ladybug
64%
Aquaman
61%
The Undertaker
45%
Alex
39%
Daenerys Targaryen
36%
Davy Jones
32%
Elmo
30%
Tigresse
23%
Bloom
21%
Doraemon
18%
Twilight Sparkle
8%
Barney
3%
El Chupacabra
3%

Distribution des résultats

Percentile par nombre de réponses

% des personnes avec chaque résultat

Votre développement - résultats

Vous n’avez pas pris ce quiz